धरोहर कहानियाँ : भुवनेश्वर (Record no. 393962)

MARC details
000 -LEADER
fixed length control field 00756 a2200205 4500
005 - DATE & TIME
control field 20260218102708.0
008 - FIXED-LENGTH DATA ELEMENTS--GENERAL INFORMATION
fixed length control field 260218b |||||||| |||| 00| 0 eng d
020 ## - ISBN
International Standard Book Number 9789349180758
Price रु 250.00
040 ## - CATALOGING SOURCE
Original cataloging agency VIVEKANANDA LIBRARY
082 ## - DDC NUMBER
Classification number 891.43301611
Book Number BH469D
100 ## - MAIN ENTRY--PERSONAL NAME
Personal name भुवनेश्वर
110 ## - MAIN ENTRY--CORPORATE NAME
Corporate name पाण्डेय, विमल चन्द्र , सम्पा
245 ## - TITLE STATEMENT
Title धरोहर कहानियाँ : भुवनेश्वर
250 ## - EDITION STATEMENT
Edition statement Latest edition
260 ## - PUBLICATION, DISTRIBUTION, ETC. (IMPRINT)
Name of publisher, distributor, etc लोकभारती प्रकाशन
Date of publication, distribution, etc 2023
Place of publication, distribution, etc प्रयागराज
300 ## - PHYSICAL DESCRIPTION
Pages 93
650 ## - Subject
Subject हिन्दी साहित्य
651 ## - SUBJECT ADDED ENTRY--GEOGRAPHIC NAME
Geographic name हिन्दी कहानी-संग्रह
942 ## - ADDED ENTRY ELEMENTS (KOHA)
Koha item type Hindi Books
Holdings
Withdrawn status Lost status Source of classification or shelving scheme Damaged status Not for loan Location (home branch) Sublocation or collection (holding branch) Date acquired Koha issues (times borrowed) Accession No. Koha date last seen Koha item type
    Dewey Decimal Classification     VIVEKANANDA LIBRARY VIVEKANANDA LIBRARY 07/01/2026   443836 07/01/2026 Books
    Dewey Decimal Classification     VIVEKANANDA LIBRARY VIVEKANANDA LIBRARY 07/01/2026   443835 07/01/2026 Books
© Designed and Maintained by Vivekananda Library, MDU Rohtak